000 00423nam a22001817a 4500
003 MPLRDC
005 20220104114201.0
008 210129b ||||| |||| 00| 0 eng d
082 _a857.45 NGB-7
100 _a南宫搏
245 _a朱门
_c
250 _a初版一刷
260 _a
_b时报出版公司
_c1988
300 _b
490 _a历史小说. 12
650 _a历史小说
942 _cBK
_o857.45 NGB-7
999 _c5485
_d5475